| 000 | 00827cab a2200265 4500 | ||
|---|---|---|---|
| 001 | ABS59871 | ||
| 008 | 090401t1998 xxu||||| |||| 00| 0 eng d | ||
| 035 | _a(Sirsi) u90162 | ||
| 041 | _aeng | ||
| 100 | _aWallworth, C. | ||
| 245 | _aSubcontractors: builder`s holiday | ||
| 260 | _c1998 | ||
| 350 | _a0 | ||
| 490 |
_aTaxation _v142(3685) 3 December 1998, 256(1) |
||
| 520 | _aReviews changes in the construction industry tax regime as the Inland Revenue tightens up the qualifications for a subcontractor to be issued with a gross payment certificate. | ||
| 650 | _aCONSTRUCTION INDUSTRY | ||
| 650 | _aCONTRACT WORKERS | ||
| 650 | _aINLAND REVENUE | ||
| 650 | _aSUBCONTRACTORS | ||
| 650 | _aTAX REGIME | ||
| 650 | _aWORKING TIME REGULATIONS 1998 | ||
| 690 | _aTAXATION | ||
| 942 | _n0 | ||
| 948 | _c07/12/1998 | ||
| 999 |
_c57118 _d57118 |
||